| 000 | 00323nam a2200109 4500 | ||
|---|---|---|---|
| 999 |
_c13692 _d13692 |
||
| 008 | 190401b ||||| |||| 00| 0 eng d | ||
| 245 | _aHow technology helps spur rise of emerging middle class. | ||
| 260 |
_aPhilippines _bThe Philippine Star _cc2018. |
||
| 300 | _apage C4. | ||
| 650 | 0 |
_938082 _aTechnology. |
|
| 942 |
_2ddc _cPER |
||